[Event "4th Paleohora Open"]
[Site "Paleochora GRE"]
[Date "2011.07.21"]
[Round "3"]
[White "Zubarev,Al1"]
[Black "Vafiadis,K"]
[Result "1-0"]
[WhiteElo "2597"]
[BlackElo "2301"]

1.e4 d6 2.d4 Nf6 3.Nc3 Nbd7 4.Nf3 e5 5.Bc4 Be7 6.O-O O-O 7.a4 c6 8.Qe2 a5
9.Rd1 exd4 10.Nxd4 Ne5 11.Bb3 Qc7 12.h3 Re8 13.f4 Ng6 14.Qf2 Bd8 15.f5 Ne5
16.Bf4 Qe7 17.Re1 Bb6 18.Rad1 Ned7 19.Ba2 Bc5 20.Kh1 Bb4 21.Nf3 Ne5 22.Qh4 h6
23.Re3 Nfd7 24.Qg3 Kh7 25.Ne2 Bc5 26.Ned4 Nxf3 27.gxf3 Qf6 28.Red3 Ne5 29.R3d2 g6
30.Nb3 g5 31.Bxe5 Rxe5 32.Nxc5 dxc5 33.Rd6 Qe7 34.f6  1-0

[Event "Czech Open G Rapid"]
[Site "Pardubice CZE"]
[Date "2011.07.21"]
[Round "6.15"]
[White "Krapivin,Vl"]
[Black "Looshnikov,N"]
[Result "1-0"]
[WhiteElo "2354"]
[BlackElo "2512"]

1.e4 d6 2.d4 Nf6 3.Nc3 e5 4.Nf3 Nbd7 5.Bc4 Be7 6.O-O O-O 7.Re1 c6 8.a4 b6
9.d5 Bb7 10.dxc6 Bxc6 11.Bg5 a6 12.Bxf6 Nxf6 13.Qd3 Qc8 14.Nd5 Bxd5 15.Bxd5 Nxd5
16.exd5 Ra7 17.c4 f5 18.Qb3 Qc5 19.a5 bxa5 20.Qc3 Bd8 21.Nd2 Bb6 22.Re2 Qb4
23.Kf1 Rb8 24.Nb3 Qxc3 25.bxc3 Rc8 26.Ra4 Rac7 27.Rb2 Rxc4 28.Rxc4 Rxc4 29.Nd2 Rxc3
30.Rxb6 Rd3 31.Ke2 Rxd5 32.Nc4 a4 33.Rxa6 Rd4 34.Nxd6 g6 35.Nb5 Rc4 36.Kd3 Rf4
37.f3 e4+ 38.Ke3 exf3 39.gxf3 Rh4 40.Nc3 Rxh2 41.Rxa4 Kg7 42.Ra7+ Kh6 43.Kf4 Rh4+
44.Kg3 Kg5 45.Nd5 f4+ 46.Kg2 Kf5 47.Ra5 Ke5 48.Nc3+ Kd4 49.Ne4 h6 50.Ra6 g5
51.Rg6 g4 52.Nf2 g3 53.Nh3 Ke5 54.Rg8 Kf5 55.Re8 Kf6 56.Re1 Kf5 57.Re4 Rg4
58.Ra4 Rh4 59.Ra5+ Kf6 60.Rb5 Ke6 61.Rb4 Ke5 62.Re4+ Kf5 63.Re8 Kf6 64.Re1 Kf5
65.Re4 Rg4 66.Re8 Rh4 67.Rf8+ Ke5 68.Rf7 Rh5 69.Rxf4 Ke6 70.Kxg3 Ra5 71.Rh4 Ra1
72.Rxh6+ Kf5 73.Rh5+ Kg6 74.Rb5 Ra4 75.Nf4+ Kf6 76.Kg4 Ra1 77.Rf5+ Kg7 78.Rg5+ Kf6
79.Rg6+ Kf7 80.Rb6 Ra5 81.Nd3 Rd5 82.Nb4 Rd4+ 83.f4 Rd1 84.Kf5 Ke7 85.Nc6+ Kf8
86.Ne5 Rd8 87.Kf6 Ke8 88.f5 Rc8 89.Rb7 Kf8 90.Rf7+ Kg8 91.Rg7+ Kf8 92.Ng6+ Ke8
93.Rg8+  1-0

[Event "Czech Open G Rapid"]
[Site "Pardubice CZE"]
[Date "2011.07.21"]
[Round "7.7"]
[White "Velicka,P"]
[Black "Rausis,I"]
[Result "0-1"]
[WhiteElo "2461"]
[BlackElo "2510"]

1.e4 d6 2.d4 Nf6 3.Nc3 c6 4.f4 Qa5 5.Bd3 e5 6.Nf3 Nbd7 7.O-O Be7 8.Kh1 O-O
9.Qe2 Re8 10.dxe5 dxe5 11.f5 b5 12.g4 Bf8 13.g5 Nh5 14.Nxe5 Nxe5 15.Qxh5 Ba6
16.Bf4 Nxd3 17.cxd3 b4 18.Rf3 g6 19.Qh4 Qd8 20.Ne2 Bxd3 21.Ng3 Bxe4 22.Nxe4 Rxe4
23.Raf1 Qd5 24.fxg6 fxg6 25.Qg3 Rae8 26.Bc1 Re1 27.Qg2  0-1

[Event "2nd Girona Open"]
[Site "Girona ESP"]
[Date "2011.07.22"]
[Round "9"]
[White "Subirana Bonet,Daniel"]
[Black "Mundet Riera,Ja"]
[Result "1/2-1/2"]
[WhiteElo "2007"]
[BlackElo "2125"]

1.e4 d6 2.d4 Nf6 3.Nc3 e5 4.Nf3 Nbd7 5.Bc4 Be7 6.O-O O-O 7.Re1 c6 8.a4 Qc7
9.a5 Rb8 10.h3 b5 11.Bf1 a6 12.Bg5 Re8 13.Bh4 Bf8 14.dxe5 dxe5 15.Nd2 Re6
16.g4 h6 17.Nb3 Nc5 18.Nxc5 Bxc5 19.Qf3 Bb7 20.Nd1 Bb4 21.c3 Bxa5 22.Ne3 Bb6
23.Nf5 Nh7 24.Rad1 Ng5 25.Bxg5 hxg5 26.Rd3 Rd8 27.Red1 Rxd3 28.Qxd3 g6 29.Qd7 Bc8
30.Qd2 f6 31.Nd6 Bc5 32.Nxc8 Qxc8 33.Qd7 Qxd7 34.Rxd7 Rd6 35.Rxd6 Bxd6 36.Bd3 Kf7
37.Kf1 Bc5 38.Ke2 Ke7 39.f3 Bb6 40.Bc2 c5 41.b3 Kd6 42.Kd3 Bd8 43.Bd1 Ke6
44.Bc2 f5 45.Bd1 f4 46.Bc2 Kd6 47.Bd1 Kc6 48.Bc2 Kb6 49.Bd1 Be7 50.Bc2 a5
51.Bd1 Bd8 52.Bc2 Kc6 53.Bd1 Bb6 54.Bc2 Ba7 55.Bd1 Bb6  1/2-1/2

[Event "Czech GM Open A"]
[Site "Pardubice CZE"]
[Date "2011.07.22"]
[Round "1.12"]
[White "Boruchovsky,A"]
[Black "Maslak,K"]
[Result "0-1"]
[WhiteElo "2297"]
[BlackElo "2561"]

1.e4 d6 2.d4 Nf6 3.Nc3 Nbd7 4.Be3 c6 5.h3 e5 6.Nf3 b5 7.Bd3 Bb7 8.O-O a6
9.dxe5 dxe5 10.a4 Be7 11.Ne2 O-O 12.Ng3 g6 13.Qc1 Re8 14.Rd1 Qc7 15.c3 Nc5
16.Bxc5 Bxc5 17.Qg5 Nd7 18.Nf5 f6 19.Nh6+ Kg7 20.Qd2 Rad8 21.Ng4 Be7 22.Qh6+ Kg8
23.c4 Nc5 24.Bc2 b4 25.b3 Bc8 26.Qe3 Ne6 27.Bd3 h5 28.Ngh2 Kh7 29.Nf1 Bc5
30.Qc1 Nf4 31.Qb1 Bxh3 32.gxh3 Qc8 33.Ra2 Qxh3 34.Ne1 Qg4+ 35.Kh1 Nh3 36.Ng2 Nxf2+
37.Rxf2 Bxf2 38.Kh2 h4 39.Qc2 Bg3+ 40.Kg1 h3 41.Nge3 Qf4 42.Qe2 Re7 43.Kh1 Bh4
44.Nh2 Qf2 45.Qxf2 Bxf2 46.Neg4 Bh4 47.Nf3 Red7 48.Nxh4 Rxd3 49.Rg1 Rd1 50.Nxf6+ Kg7
51.Ng4 Rxg1+ 52.Kxg1 Rd3 53.Nxe5 Rxb3 54.Nexg6 Rg3+  0-1

[Event "Czech GM Open A"]
[Site "Pardubice CZE"]
[Date "2011.07.22"]
[Round "1.29"]
[White "Haba,P"]
[Black "Rjabzev,K"]
[Result "1-0"]
[WhiteElo "2504"]
[BlackElo "2271"]

1.d4 d6 2.e4 Nf6 3.Nc3 e5 4.Nf3 Nbd7 5.Bc4 Be7 6.O-O O-O 7.Re1 c6 8.a4 b6
9.d5 Bb7 10.b3 a6 11.dxc6 Bxc6 12.Bg5 Ne8 13.Bxe7 Qxe7 14.Bd5 Bxd5 15.Nxd5 Qd8
16.Qd2 Ndf6 17.Rad1 Rc8 18.Nxf6+ Qxf6 19.c4 Qe7 20.Re3 g6 21.Ne1 f5 22.Nc2 fxe4
23.Nb4 a5 24.Nd5 Qb7 25.Nc3 Rd8 26.Nxe4 Rf4 27.f3 Qc6 28.Rd3 Rxe4 29.fxe4 Qxe4
30.Qf2 Qb7 31.Rf1 Ng7 32.Rxd6  1-0

[Event "Czech GM Open A"]
[Site "Pardubice CZE"]
[Date "2011.07.22"]
[Round "1.35"]
[White "Jansa,Vl"]
[Black "Lorscheid,G"]
[Result "1-0"]
[WhiteElo "2493"]
[BlackElo "2265"]

1.e4 d6 2.d4 Nf6 3.Nc3 e5 4.Nf3 Nbd7 5.Bc4 Be7 6.O-O O-O 7.a3 c6 8.Re1 b6
9.b3 a6 10.Bb2 Bb7 11.Bd3 Re8 12.Ne2 Bf8 13.Ng3 exd4 14.Nxd4 d5 15.exd5 Rxe1+
16.Qxe1 Nxd5 17.Rd1 Qc7 18.Ndf5 N5f6 19.Ne4 Ng4 20.Ned6 Ndf6 21.f3 Re8 22.Qg3  1-0

[Event "Poznan Summer Open"]
[Site "Poznan POL"]
[Date "2011.07.22"]
[Round "7.24"]
[White "Jarmuzek,Karolina"]
[Black "Palasz,Miroslaw"]
[Result "1-0"]
[WhiteElo "1559"]
[BlackElo "1703"]

1.e4 d6 2.d4 Nf6 3.Nc3 c6 4.Be3 Qa5 5.f3 Qb6 6.Na4 Qa5+ 7.Nc3 e5 8.Qd2 Be7
9.O-O-O b5 10.Kb1 a6 11.dxe5 dxe5 12.g4 O-O 13.Nd5 Qd8 14.Bb6 Qd6 15.Nc7 Qxd2
16.Rxd2 Bb7 17.Nxa8 Bxa8 18.Be3 c5 19.Bg2 h6 20.Ne2 Nc6 21.Ng3 Re8 22.Nf5 Bf8
23.c3 Na5 24.b3 c4 25.b4 Nc6 26.Rhd1 a5 27.bxa5 b4 28.Nd6 Rb8 29.Kc2 b3+
30.axb3 cxb3+ 31.Kb1 Nxa5 32.Ba7 Rd8 33.Bb6 Rd7 34.Bxa5 Bc6 35.Nc4 Ra7 36.Bb4 Bxb4
37.cxb4 Ra4 38.Nxe5 Bb5 39.Rd8+ Kh7 40.h4 Ra2 41.R1d2 Nd7 42.Rxa2 bxa2+ 43.Ka1 Nxe5
44.Rd5 Nxg4 45.fxg4 Be2 46.b5  1-0

[Event "20th ch-MKD Open"]
[Site "Struga MKD"]
[Date "2011.07.22"]
[Round "7"]
[White "Petrovski,I"]
[Black "Skrceski,G"]
[Result "1-0"]
[WhiteElo "2234"]
[BlackElo "2267"]

1.e4 d6 2.d4 Nf6 3.Nc3 c6 4.f4 e5 5.dxe5 dxe5 6.Qxd8+ Kxd8 7.fxe5 Ng4 8.Nf3 Nd7
9.Bf4 Bc5 10.Bc4 Be3 11.Bg3 Ke7 12.h3 Nb6 13.Bb3 Nh6 14.Ke2 Bc5 15.Bh4+ Ke8
16.Rad1 Be7 17.Bf2 Be6 18.Bxe6 fxe6 19.Nd4 Kf7 20.Rhf1 Rhe8 21.Bg3+ Kg8 22.Nxe6 Rac8
23.Nd4 Bf8 24.Nf5 Re6 25.Nd6 Rc7 26.Nf5 Rc8 27.b3 Rce8 28.a4 Nf7 29.a5 Nc8
30.Rd7 Nxe5 31.Rxb7 g6 32.Nd4 Rd6 33.Nf3 Rd7 34.Rxd7 Nxd7 35.Rd1 Bb4 36.Rxd7 Bxc3
37.a6 Ba5 38.e5 h6  1-0

[Event "16th Balaguer Open"]
[Site "Balaguer ESP"]
[Date "2011.07.23"]
[Round "7"]
[White "Guadamuro Torrente,A"]
[Black "Fortuny Profitos,Jordi"]
[Result "1-0"]
[WhiteElo "2177"]
[BlackElo "1715"]

1.e4 d6 2.d4 Nf6 3.Nc3 e5 4.Nf3 Nbd7 5.Bc4 Be7 6.O-O c6 7.a4 b6 8.Qe2 a6
9.Rd1 Qc7 10.dxe5 dxe5 11.Ng5 O-O 12.Bxf7+ Kh8 13.Ne6 Qb7 14.Nxf8 Nxf8 15.h3 Be6
16.Bxe6 Nxe6 17.Be3 Bc5 18.Qc4 Nd4 19.b4 Bxb4 20.Qxb4 Nxc2 21.Qxb6 Qxb6 22.Bxb6 Nxa1
23.Rxa1 Nd7 24.a5 Kg8 25.Rd1 Nf8 26.Na4 Ne6 27.Rd6 Nd4 28.Bxd4 exd4 29.Rxd4 Rc8
30.Nb6  1-0

[Event "Sparkassen Open A"]
[Site "Dortmund GER"]
[Date "2011.07.23"]
[Round "1.32"]
[White "Moeller,Jeremy"]
[Black "Begna,B"]
[Result "1/2-1/2"]
[WhiteElo "1863"]
[BlackElo "2102"]

1.e4 d6 2.d4 Nf6 3.Nc3 e5 4.Nf3 Nbd7 5.Bc4 Be7 6.g4 Nb6 7.Be2 Bxg4 8.Rg1 Bxf3
9.Bxf3 g6 10.Bh6 Qd7 11.Qd3 c5 12.d5 c4 13.Qe2 Rg8 14.a4 Qh3 15.Be3 Kd8 16.a5 Nbd7
17.Rg3 Qh4 18.Bg5 Qxh2 19.Qf1 Nh5 20.Rh3 Ng3 21.Bxe7+ Kxe7 22.Rxh2 Nxf1 23.Kxf1 h5
24.Ra4 Rgc8 25.Be2 b6 26.Rxc4 Rxc4 27.Bxc4 bxa5 28.Na4 Rc8 29.Bd3 Nb6 30.Nxb6 axb6
31.Ke2 Kf6 32.Kf3 Kg5 33.Rg2+ Kh6 34.Kg3 g5 35.c3 a4 36.Rg1 a3 37.c4 axb2
38.Rb1 Ra8 39.Rxb2 Ra3 40.Rd2 f5 41.Kg2 f4 42.Bf1 Rb3 43.Ra2 f3+ 44.Kh2 g4
45.Ra8 Rb1 46.Kg1 h4 47.Rg8 Kh5 48.Rg7 Re1 49.Rh7+ Kg5 50.c5 bxc5 51.Kh2 Rxf1
52.Rh5+ Kf4 53.Rf5+ Kxe4 54.Rf4+ Kd3 55.Rd4+ Kc2 56.Rc4+ Kd2 57.Rd4+ Ke2  1/2-1/2

[Event "ch-AUT"]
[Site "Linz AUT"]
[Date "2011.07.23"]
[Round "1"]
[White "Hiermann,D"]
[Black "Doppelhammer,H"]
[Result "1-0"]
[WhiteElo "2245"]
[BlackElo "2067"]

1.e4 d6 2.d4 Nf6 3.Nc3 e5 4.Nf3 Nbd7 5.Bc4 Be7 6.O-O O-O 7.a4 a5 8.Re1 c6
9.dxe5 dxe5 10.Qe2 Qc7 11.Bg5 Nc5 12.h3 Be6 13.Rad1 Rad8 14.Be3 Bxc4 15.Qxc4 Ne6
16.Ne2 Rxd1 17.Rxd1 Rd8 18.Rxd8+ Bxd8 19.Ng3 g6 20.Qc3 Nd7 21.Qd2 Be7 22.Ne1 Ndc5
23.b3 Qd8 24.Qxd8+ Bxd8 25.Bxc5 Nxc5 26.Nd3 Nd7 27.Ne2 f6 28.Kf1 Kf7 29.Ke1 Bb6
30.f3 Nf8 31.Kd2 Ne6 32.c3 Ke7 33.b4 axb4 34.cxb4 Kd6 35.Kc3 Ba7 36.Kc4 b6
37.b5 cxb5+ 38.axb5 Bb8 39.Nc3 Bc7 40.Nd5 Bd8 41.Nb2 Nc5 42.Kb4 f5 43.Nc4+ Ke6
44.Ndxb6 Nd3+ 45.Kc3 Ne1 46.Nd5 Nxg2 47.Kd2 fxe4 48.fxe4 Nf4 49.Nxf4+ exf4
50.Ke2 g5 51.Kf3 Bc7 52.b6 Bb8 53.h4 gxh4 54.Kg4 Kd7 55.e5 Ke6 56.Kxf4 Kd5
57.Kg4 Ke6 58.Kxh4 Kd5 59.Kh5 Ke6 60.Kh6  1-0

[Event "Czech GM Open A"]
[Site "Pardubice CZE"]
[Date "2011.07.23"]
[Round "2.12"]
[White "Seger,R"]
[Black "Stefansson,H"]
[Result "1/2-1/2"]
[WhiteElo "2390"]
[BlackElo "2546"]

1.e4 d6 2.d4 Nf6 3.Nc3 e5 4.Nf3 Nbd7 5.Bc4 Be7 6.O-O O-O 7.Re1 c6 8.a4 a5
9.b3 Nb6 10.Bf1 Bg4 11.dxe5 Bxf3 12.Qxf3 dxe5 13.Be3 Nfd7 14.Red1 Qc7 15.g3 Rfd8
16.h4 Bc5 17.Bh3 Bxe3 18.Qxe3 Nf6 19.Qc5 Nbd7 20.Bxd7 Rxd7 21.Rxd7 Qxd7 22.Rd1 Qe8
23.f3 h6 24.Kg2 Nd7 25.Qd6 Nf8 26.Rd3 f6 27.Ne2 Ne6  1/2-1/2

[Event "Czech GM Open A"]
[Site "Pardubice CZE"]
[Date "2011.07.23"]
[Round "2.81"]
[White "Raum,S"]
[Black "Krapivin,Vl"]
[Result "1/2-1/2"]
[WhiteElo "2112"]
[BlackElo "2354"]

1.e4 d6 2.d4 Nf6 3.Nc3 e5 4.Nge2 Be7 5.g3 c6 6.Bg2 b5 7.a3 a6 8.O-O Nbd7
9.h3 h5 10.f4 Qc7 11.Qe1 Bb7 12.Be3 O-O 13.Qf2 Rae8 14.Rae1 exd4 15.Nxd4 c5
16.Nf5 b4 17.axb4 cxb4 18.e5 Bxg2 19.Nxe7+ Rxe7 20.exf6 Nxf6 21.Kxg2 bxc3
22.bxc3 Qxc3 23.Bd4 Qc6+ 24.Qf3 Ne4 25.f5 f6 26.Re2 Rfe8 27.Rfe1 h4 28.gxh4 a5
29.h5 Kf8 30.Kh2 d5 31.Qf4 Qd6 32.Rf1 Qxf4+ 33.Rxf4 Rc8 34.Rg4 Rec7 35.Reg2 Ng5
36.c3 a4 37.h6 gxh6 38.Bxf6 Rf7 39.Bxg5 hxg5 40.Rxa4 Rxf5 41.Rag4 Rxc3 42.Rxg5 Rxg5
43.Rxg5 Rd3 44.Rg3 Rd1 45.Rg1 Rd4 46.Rg4 Rc4 47.Kg2 Rc2+ 48.Kf3 Kf7 49.Ke3 Ke6
50.Rg8 Rc3+ 51.Kd4 Rc4+ 52.Kd3 Rh4 53.Re8+ Kd7 54.Rg8 Kc6 55.Rc8+ Kd7 56.Rg8 Ke7
57.Ra8 Kd6 58.Rd8+ Ke6 59.Re8+ Kd7 60.Rg8 Rxh3+  1/2-1/2

[Event "Czech GM Open A"]
[Site "Pardubice CZE"]
[Date "2011.07.23"]
[Round "2.3"]
[White "Sergienko,S"]
[Black "Jovanovic,Zo CRO"]
[Result "0-1"]
[WhiteElo "2411"]
[BlackElo "2577"]

1.e4 d6 2.d4 Nf6 3.Nc3 e5 4.Nf3 Nbd7 5.Bc4 Be7 6.O-O O-O 7.Re1 c6 8.a4 a5
9.h3 Nb6 10.Bf1 exd4 11.Nxd4 d5 12.e5 Ne8 13.Nce2 g6 14.Bh6 Ng7 15.Nc1 Re8
16.Nd3 Nf5 17.Nxf5 Bxf5 18.Qc1 Nd7 19.Qd2 Nc5 20.Be3 Nxd3 21.Bxd3 d4 22.Bxf5 dxe3
23.Qxd8 Raxd8 24.Bd3 exf2+ 25.Kxf2 Bc5+ 26.Kf3 Rd5 27.Re2 Rexe5 28.Rae1 Rxe2
29.Rxe2 Kf8 30.g4 h5 31.Re4 hxg4+ 32.hxg4 Be7 33.b3 Rd7 34.Re2 Bb4 35.Re4 Rd6
36.Bc4 Bd2 37.Ke2 Bh6 38.Bd3 Bg7 39.Kf3 Bc3 40.Kg2 Rd7 41.Kf3 Kg7 42.Re8 Bb4
43.Re5 Kf6 44.Re4 Bc3 45.Re8 Kg5 46.Re4 Bf6 47.Bc4 Bb2 48.Rf4 f6 49.Re4 Be5
50.Be6 Re7 51.Bc8 Rc7 52.Be6 b5 53.Ke2 Rh7 54.Ke3 Re7  0-1

[Event "19th St Affrique Open"]
[Site "Saint Affrique FRA"]
[Date "2011.07.23"]
[Round "1.10"]
[White "Navarro,Robin"]
[Black "Milliet,S"]
[Result "0-1"]
[WhiteElo "1746"]
[BlackElo "2355"]

1.e4 d6 2.d4 Nf6 3.Nc3 Nbd7 4.Nf3 e5 5.d5 Be7 6.Bb5 a6 7.Ba4 b5 8.Bb3 b4
9.Na4 Nxe4 10.O-O O-O 11.Qe1 Nec5 12.Nxc5 Nxc5 13.Qxb4 Kh8 14.Be3 a5 15.Qd2 Ba6
16.Rfe1 a4 17.Bxc5 axb3 18.Bb4 bxa2 19.Rxa2 Bb7 20.Rxa8 Bxa8 21.c4 Qd7 22.Bc3 Bb7  0-1

[Event "15th Battle of Senta Open"]
[Site "Senta SRB"]
[Date "2011.07.23"]
[Round "9.7"]
[White "Markovic,ZS"]
[Black "Vranic,L"]
[Result "1-0"]
[WhiteElo "2351"]
[BlackElo "2174"]

1.e4 d6 2.d4 Nf6 3.Nc3 e5 4.Nf3 Nbd7 5.Bc4 Be7 6.O-O O-O 7.Re1 a6 8.a4 b6
9.Ba2 c6 10.Nh4 Re8 11.Nf5 Bf8 12.Bg5 h6 13.Be3 Rb8 14.Qf3 exd4 15.Qg3 Kh8
16.Bxd4 c5 17.Be3 Ne5 18.Qh3 Nfg4 19.f4 Nxe3 20.Rxe3 g6 21.fxe5 dxe5 22.Nxh6  1-0

[Event "15th Godesburg Open"]
[Site "Bad Godesberg GER"]
[Date "2011.07.24"]
[Round "2.6"]
[White "Mantau,J"]
[Black "Glienke,Norbert"]
[Result "1-0"]
[WhiteElo "2213"]
[BlackElo "1882"]

1.e4 d6 2.d4 Nf6 3.Nc3 e5 4.Nf3 exd4 5.Qxd4 Nc6 6.Bb5 Bd7 7.Bxc6 Bxc6 8.O-O Be7
9.b4 O-O 10.b5 Bd7 11.Bb2 Re8 12.a4 a6 13.Rfe1 Bf8 14.h3 h6 15.Rad1 Be6 16.Ne2 axb5
17.axb5 Qd7 18.Qd3 Be7 19.Nf4 Ra2 20.Bd4 c5 21.bxc6 Qxc6 22.Nxe6 fxe6 23.Qb3 Rxc2
24.Qxe6+ Kh8 25.Nh4 Qd7 26.Qf7 Bf8 27.Ng6+ Kh7 28.Nxf8+ Rxf8 29.Qxf8  1-0

[Event "16th Balaguer Open"]
[Site "Balaguer ESP"]
[Date "2011.07.24"]
[Round "8"]
[White "Aranzana Areste,A"]
[Black "Arribas Robaina,M"]
[Result "0-1"]
[WhiteElo "2065"]
[BlackElo "2292"]

1.e4 d6 2.d4 Nf6 3.Nc3 c6 4.Bd3 e5 5.Nge2 Be7 6.O-O O-O 7.Bg5 Nbd7 8.dxe5 dxe5
9.Ng3 Nc5 10.Bc4 b5 11.Bxf6 Bxf6 12.Bb3 a5 13.a4 b4 14.Nce2 Qxd1 15.Rfxd1 Nxb3
16.cxb3 Be6 17.Rd3 Rfd8 18.Rad1 Bxb3 19.Rxd8+ Rxd8 20.Re1 Bxa4 21.Nc1 c5
22.Nf5 Bg5 23.Ne2 Rd1 24.Kf1 Bd2 25.Rxd1 Bxd1 26.Nd6 a4 27.Nc4 Bg5 28.Ke1 Bb3
29.Nd2 Be6 30.Kd1 a3 31.bxa3 bxa3 32.f4 a2  0-1

[Event "Sparkassen Open A"]
[Site "Dortmund GER"]
[Date "2011.07.24"]
[Round "2.6"]
[White "Quast,Ma"]
[Black "Conrad,J"]
[Result "1-0"]
[WhiteElo "2173"]
[BlackElo "2079"]

1.e4 d6 2.d4 Nf6 3.Nc3 e5 4.dxe5 dxe5 5.Qxd8+ Kxd8 6.Bg5 c6 7.O-O-O+ Kc7
8.f4 h6 9.Bxf6 gxf6 10.f5 b5 11.Be2 Nd7 12.Nh3 a5 13.Bh5 Nc5 14.Nf2 b4 15.Nb1 Rg8
16.g3 Rg7 17.Rhe1 Ba6 18.Re3 Ra7 19.b3 Be7 20.c4 Bc8 21.Kb2 Nb7 22.Nd3 Nc5
23.Nd2 Nxd3+ 24.Rxd3 Bc5 25.Nf3 a4 26.Rd8 Rh7 27.Rg8 Bd7 28.Rd3 Ra5 29.h4 a3+
30.Kc2 Bxf5 31.exf5 e4 32.Rdd8 exf3 33.Bxf3 Bf2 34.Rc8+ Kd6 35.Rxc6+ Ke5
36.Re8+ Kxf5 37.Be4+  1-0

[Event "XIII Gdansk Open"]
[Site "Gdansk POL"]
[Date "2011.07.24"]
[Round "9.17"]
[White "Szymanowski,M"]
[Black "Grajczak,A"]
[Result "0-1"]
[WhiteElo "1783"]
[BlackElo "2000"]

1.e4 d6 2.d4 Nf6 3.Nc3 e5 4.Nf3 Nbd7 5.Bc4 Be7 6.dxe5 dxe5 7.Qe2 c6 8.O-O O-O
9.Rd1 Qc7 10.a4 b6 11.Bg5 h6 12.Bh4 Bb7 13.Bg3 Nh5 14.Rxd7 Qxd7 15.Nxe5 Nxg3
16.Qf3 Qd4 17.Nxc6 Qxc4 18.Nxe7+ Kh7 19.hxg3 g6 20.Qf6 Qe6 21.Qxe6 fxe6 22.Rd1 Rad8
23.Rxd8 Rxd8 24.f4 Rd7  0-1

[Event "2nd ch-Vojvodina"]
[Site "Novi Sad SRB"]
[Date "2011.07.24"]
[Round "1.21"]
[White "Skrivanko,T"]
[Black "Tancik,K"]
[Result "0-1"]
[WhiteElo "1918"]
[BlackElo "2273"]

1.e4 d6 2.d4 Nf6 3.Nc3 Nbd7 4.Nf3 e5 5.Bc4 Be7 6.dxe5 dxe5 7.O-O O-O 8.Qe2 c6
9.Rd1 Qc7 10.a4 Nc5 11.h3 Be6 12.Ng5 Bxc4 13.Qxc4 h6 14.Nf3 Kh7 15.Be3 Ne6
16.b4 Rfd8 17.b5 Nd7 18.bxc6 bxc6 19.a5 Ndc5 20.Rdb1 Rab8 21.Rxb8 Rxb8 22.g3 Rb2
23.Nd1 Rb5 24.a6 Qb8 25.Nc3 Rb4 26.Qe2 Nd4 27.Nxd4 exd4 28.Bf4 Qb6 29.Nd1 Rb1
30.Rxb1 Qxb1 31.Kg2 Ne6 32.Qd3 g5 33.Be5 c5  0-1

[Event "Czech GM Open A"]
[Site "Pardubice CZE"]
[Date "2011.07.24"]
[Round "3.98"]
[White "Andersen,AlfR"]
[Black "Pribyl,Jo"]
[Result "1/2-1/2"]
[WhiteElo "2218"]
[BlackElo "2328"]

1.e4 d6 2.d4 Nf6 3.Nc3 e5 4.Nf3 Nbd7 5.Bc4 Be7 6.O-O O-O 7.h3 c6 8.a4 b6
9.Qe2 a6 10.Rd1 Qc7 11.Bg5 Bb7 12.Bb3 b5 13.axb5 axb5 14.Rxa8 Bxa8 15.Ra1 h6
16.Bh4 b4 17.Nd1 Bb7 18.Ne3 g6 19.dxe5 Nxe5 20.Nxe5 dxe5 21.Ng4 Nxg4 22.Qxg4 Kg7
23.Bg3 Ra8 24.Rd1 Rd8 25.Rxd8 Bxd8 26.Qd1 Be7 27.Qd3 Bc8 28.c3 bxc3 29.Qxc3  1/2-1/2

[Event "Open NK"]
[Site "Dieren NED"]
[Date "2011.07.25"]
[Round "6"]
[White "Van Foreest, Jorden"]
[Black "Viergever, Max"]
[Result "1-0"]
[WhiteElo "2097"]
[BlackElo "2123"]

1.e4 d6 2.d4 Nf6 3.Nc3 e5 4.Nf3 Nbd7 5.Bc4 Be7 6.O-O O-O 7.h3 c6 8.a4 Nxe4
9.Nxe4 d5 10.Nc3 dxc4 11.dxe5 f6 12.exf6 Nxf6 13.Qe2 Nd5 14.Nxd5 cxd5 15.Be3 Bf6
16.Bd4 Bf5 17.Rad1 Be4 18.Bxf6 Qxf6 19.Nd4 Rfe8 20.Qd2 Rad8 21.Rfe1 a6 22.a5 Bg6
23.Rxe8+ Bxe8 24.Qb4 Bh5 25.f3 Rd7 26.Qc5 Qe7 27.Qc8+ Qd8 28.Qxd8+ Rxd8 29.Re1 Re8
30.Rxe8+ Bxe8 31.Kf2 Kf7 32.Ke3 Kf6 33.Ne2 Ke5 34.f4+ Kd6 35.Kd4 Bg6 36.Nc3 Bf7
37.Nd1 Bg6 38.Ne3 Bf7 39.f5 Kc6 40.c3 Kd6 41.Ng4 Bh5 42.Ne5 Be2 43.Ng4 Bxg4
44.hxg4 h6 45.g3 Ke7 46.Kxd5 Kf6 47.Kd6 Kg5 48.Kc7 Kxg4 49.Kxb7 Kxg3 50.Kxa6 h5
51.Kb6  1-0

[Event "4th Paleohora Open"]
[Site "Paleochora GRE"]
[Date "2011.07.25"]
[Round "7"]
[White "Videnova,I"]
[Black "Valenti,G"]
[Result "1-0"]
[WhiteElo "2353"]
[BlackElo "2144"]

1.e4 d6 2.d4 Nf6 3.Nc3 e5 4.Nf3 Nbd7 5.Bc4 Be7 6.O-O O-O 7.Re1 c6 8.a4 a5
9.h3 h6 10.Be3 Re8 11.Qd2 Bf8 12.Ba2 Qc7 13.Rad1 exd4 14.Bxd4 Ne5 15.Nh4 g5
16.Nf5 Bxf5 17.exf5 Nh5 18.Ne4 Bg7 19.Nxg5 hxg5 20.Qxg5 Nf6 21.f4 Ned7 22.Rxe8+ Rxe8
23.Rd3 Re1+ 24.Kh2 Kf8 25.Rg3 Bh8 26.Qh6+ Ke7 27.Qxh8 d5 28.Qh4 Re4 29.Re3 Rxe3
30.Bxe3 Qd6 31.Qe1 Kf8 32.Qxa5 d4  1-0

[Event "Czech GM Open A"]
[Site "Pardubice CZE"]
[Date "2011.07.25"]
[Round "4.2"]
[White "Friedel,J"]
[Black "Jovanovic,Zo CRO"]
[Result "1/2-1/2"]
[WhiteElo "2531"]
[BlackElo "2577"]

1.e4 d6 2.d4 Nf6 3.Nc3 e5 4.Nf3 Nbd7 5.Bc4 Be7 6.O-O O-O 7.Re1 c6 8.a4 a5
9.h3 Nb6 10.Ba2 Nfd7 11.Be3 exd4 12.Bxd4 Nc5 13.Bxc5 dxc5 14.Qe2 Qd6 15.Rad1 Qh6
16.Nh2 Be6 17.Ng4 Qg6 18.Bxe6 Qxe6 19.f4 Bh4 20.Rf1 f5 21.Ne5 Bf6 22.exf5 Qxf5
23.Qe4 Qxe4 24.Nxe4 Bxe5 25.fxe5 Rxf1+ 26.Rxf1 Re8 27.Nxc5 Rxe5 28.Nxb7 Nxa4
29.Nd8 c5 30.b3 Nc3 31.Nc6 Re2 32.Rf3 a4 33.bxa4  1/2-1/2

[Event "Czech GM Open A"]
[Site "Pardubice CZE"]
[Date "2011.07.25"]
[Round "4.50"]
[White "Saiyn,Z"]
[Black "Ivanov,MM"]
[Result "1/2-1/2"]
[WhiteElo "2077"]
[BlackElo "2410"]

1.d4 d6 2.e4 Nf6 3.Nc3 c6 4.h3 b5 5.a3 e5 6.Nge2 Be7 7.g4 h5 8.g5 Nfd7 9.h4 Nb6
10.Bg2 N8d7 11.f4 a6 12.Ng3 g6  1/2-1/2

[Event "TCh-POR 1st Div"]
[Site "Torres Vedras POR"]
[Date "2011.07.25"]
[Round "3.4"]
[White "Rocha,S"]
[Black "Strikovic,A"]
[Result "0-1"]
[WhiteElo "2412"]
[BlackElo "2573"]

1.e4 d6 2.d4 Nf6 3.Nc3 e5 4.dxe5 dxe5 5.Qxd8+ Kxd8 6.Bc4 Ke8 7.f3 c6 8.Be3 Nbd7
9.Nge2 b5 10.Bd3 Nc5 11.Nc1 Nfd7 12.Be2 a5 13.a4 b4 14.Nb1 Nb6 15.b3 Be6
16.Nd2 f6 17.Nd3 Nbd7 18.Nb2 Kf7 19.Bc4 h5 20.Ke2 g6 21.Rad1 f5 22.g3 Be7
23.Rhf1 Nb6 24.Bxc5 Bxc5 25.Bxe6+ Kxe6 26.Ndc4 Nxc4 27.Nxc4 fxe4 28.fxe4 h4
29.g4 h3 30.Kf3 Be7 31.Kg3 Rh6 32.Rd3 Bg5 33.Rd6+ Ke7 34.Rxc6 Bf4+ 35.Kf3 Bxh2
36.g5 Rh4 37.Rd1 Rf8+ 38.Ke3 Bf4+ 39.Ke2 Rd8 40.Rh1 Bxg5 41.Rxg6 Bf4 42.Kf3 h2
43.Nxa5 Rd2 44.Rg2 Rh3+ 45.Kg4 Rxg2+ 46.Kxh3 Rxc2 47.Re1 Be3 48.Rh1 Bg1 49.Kg4 Kd6
50.Kf5 Kc7 51.Kxe5 Rc5+ 52.Ke6 Rxa5 53.e5 Kc6 54.Kf6 Kd5  0-1

[Event "ch-AUT"]
[Site "Linz AUT"]
[Date "2011.07.26"]
[Round "4"]
[White "Rieger,R"]
[Black "Hiermann,D"]
[Result "1/2-1/2"]
[WhiteElo "2150"]
[BlackElo "2245"]

1.e4 d6 2.d4 Nf6 3.Nc3 e5 4.Nf3 Nbd7 5.Bc4 Be7 6.h3 c6 7.a4 O-O 8.O-O Qc7
9.Ba2 a5 10.Be3 b6 11.Re1 Ba6 12.Qd2 Rad8 13.Rad1 b5 14.axb5 cxb5 15.dxe5 Nxe5
16.Nd5 Nxf3+ 17.gxf3 Nxd5 18.Bxd5 Bf6 19.Bd4 Bxd4 20.Qxd4 Bc8 21.Kg2 Qd7
22.Rh1 Kh8 23.Kf1 f5 24.Ke2 fxe4 25.fxe4 Qe7 26.Rdg1 Rf6 27.Rg3 Be6 28.Rhg1 Bxd5
29.Qxd5 g6 30.f3 Rc8 31.c3 b4 32.Qxa5 bxc3 33.bxc3 Rc5 34.Qb4  1/2-1/2

[Event "Lake Sevan GM"]
[Site "Martuni ARM"]
[Date "2011.07.26"]
[Round "5.4"]
[White "Ter Sahakyan,S"]
[Black "Jobava,Ba"]
[Result "0-1"]
[WhiteElo "2558"]
[BlackElo "2713"]

1.e4 d6 2.d4 Nf6 3.Nc3 e5 4.dxe5 dxe5 5.Qxd8+ Kxd8 6.Bc4 Ke8 7.Nf3 Bd6 8.Bg5 Nbd7
9.O-O-O a6 10.a4 h6 11.Bh4 Kf8 12.Nd2 Be7 13.Bb3 Nc5 14.Bg3 Nfd7 15.Ba2 b5
16.Bd5 Rb8 17.Bc6 h5 18.h4 bxa4 19.Nxa4 Nxa4 20.Bxa4 Nc5 21.Bc6 Rh6 22.Bd5 f6
23.Nb3 Nxb3+ 24.Bxb3 Rg6 25.Rd3 Rg4 26.Re3 Bc5 27.Rc3 Bd6 28.Bd5 Ke7 29.b3 Be6
30.Bxe6 Kxe6 31.Re3 Rb4 32.Rhe1 a5 33.Kd2 Bc5 34.Rd3 a4 35.bxa4 Rxa4 36.Rd8 g5
37.Rh1 Raxe4 38.f3 Rxg3 39.fxe4 g4 40.Re8+ Kf7 41.Rh8 Rxg2+ 42.Kd3 Kg7 43.Rc8 Bb6
44.Ra1 Rh2 45.Raa8 Rxh4 46.Rg8+ Kf7 47.Rgf8+ Ke6 48.Rae8+ Kd7 49.Rd8+ Kc6
50.Rxf6+ Kb7 51.Rg8 Bd4 52.Rh6 Rh3+ 53.Ke2 Rh2+ 54.Kd3 Bf2 55.Rg7 g3 56.Ke2 h4
57.Kf3 Bb6 58.Rhg6 Rxc2 59.Kg4 Rh2 60.Kf5 Bd4 61.Ke6 Rf2 62.Rg4 Rf4 63.R4g6 Rxe4
64.Kd5 Rf4 65.Rh7 Bb6 66.Kxe5 Ra4 67.Kd5 Rb4 68.Ke5 Bf2 69.Kd5 Rd4+ 70.Ke5 Rb4
71.Kd5 Rb1 72.Rgg7 Rd1+ 73.Ke6 Kb6 74.Rg4 Rd4 75.Rg8 c6 76.Rh5 Rd5 77.Rh7 Rd1
78.Rb8+ Kc5 79.Rg8 Rd4 80.Ke5 Kc4 81.Kf5 c5 82.Rg6 Kd5  0-1

[Event "Czech GM Open A"]
[Site "Pardubice CZE"]
[Date "2011.07.26"]
[Round "5.70"]
[White "Kulagin,M"]
[Black "Schmidt Schaeffer,S"]
[Result "0-1"]
[WhiteElo "2263"]
[BlackElo "2385"]

1.e4 d6 2.d4 Nf6 3.Nc3 Nbd7 4.Bg5 e5 5.Nf3 c6 6.a4 Be7 7.Be2 O-O 8.O-O Re8
9.h3 h6 10.Be3 Bf8 11.Re1 Qc7 12.d5 cxd5 13.Nxd5 Nxd5 14.Qxd5 Nf6 15.Qd3 d5
16.Qb3 d4 17.Bc1 Be6 18.Qd3 Rac8 19.Bf1 Nd7 20.c3 Nc5 21.Qc2 Bb3 22.Qb1 Red8
23.cxd4 exd4 24.Nd2 d3 25.Ra3 Qa5 26.Re3 Bc2 27.Qa2 Ne6 28.Rc3 Rxc3 29.bxc3 Qxc3
30.Rf3 Rd7 31.e5 Bd1  0-1